Ancient Egypt 2021 : perspectives of research /

محفوظ في:

مؤلفون آخرون: Moser, Susanna (المحرر), Popielska-Grzybowska, Joanna (المحرر), Iwaszczuk, Jadwiga (المحرر), Ruo Redda, Carlo (المحرر)

التنسيق: كتاب

اللغة: English

منشور في: Warsaw : Wiesbaden : Iksio Pan ; Harrassowitz Verlag, 2023.

سلاسل: Travaux de l'Institut des cultures méditerranéennes et orientales de l'Académie polonaise des sciences ; 14.

الموضوعات:

الوسوم: إضافة وسم

لا توجد وسوم, كن أول من يضع وسما على هذه التسجيلة!

رقم الطلب: DT60 .E976 2021

LEADER 01086nam a22002537a 4500
005 20251230121152.0
008 251230t2023 pl abce b 100 0 eng d
020 |a 9783447120470 
040 |c ARCE Library 
050 1 4 |a DT60  |b .E976 2021 
245 0 0 |a Ancient Egypt 2021 :   |b perspectives of research /   |c edited by Susanna Moser, Joanna Popielska-Grzybowska, Jadwiga Iwaszczuk, Carlo Ruo Redda. 
260 |a Warsaw :   |b Iksio Pan ;   |a Wiesbaden :   |b Harrassowitz Verlag,   |c 2023. 
300 |a 246 pages :   |b illustrations (chiefly color), maps, plans, portraits ;   |c 30 cm. 
490 0 |a Travaux de l'Institut des cultures méditerranéennes et orientales de l'Académie polonaise des sciences ; 14. 
500 |a Conference publication. 
504 |a Includes bibliographical references. 
650 0 |a Egyptology   |v Congresses. 
651 0 |a Egypt   |x Antiquities   |v Congresses. 
700 1 |a Moser, Susanna,   |e editor 
700 1 |a Popielska-Grzybowska, Joanna,   |e editor 
700 1 |a Iwaszczuk, Jadwiga,   |e editor 
700 1 |a Ruo Redda, Carlo,   |e editor 
942 |2 lcc  |c BK 
999 |c 58395  |d 58395